000 01112nam a2200241Ia 4500
001 16197
003 GE_BSU
008 181216s||||||||xx |||||||||||||| ||und||
020 _aISBN 978-9941-442-21-6
040 _cGE_BSU
080 _a327 + 316.334.3 + 32.001 + 338.2 + 316.32
100 _aჯანტი,ტონი
245 _aუკეთურება ეუფლება ქვეყნიერებას = III Fares the Land
245 _cმთარგმნ. თამარ ლომიძე ; რედ. თინათინ ნინუა ; რადარამი.
260 _aთბილისი
260 _bსაუნჯე
260 _c2012
300 _a197 გვ. ; 20 სმ.. - ბიბლიოგრ. ტექსტ. შენიშვნ.
541 _h2ლ.
653 _aპოლიტიკა
653 _aსაერთაშორისო პოლიტიკა; ეკონომიკური პოლიტიკა; პოლიტოლოგია; სოციალური უთანასწორობა
942 _cBK
999 _c49281
_d49281